[Event "XII Paracin Festival 2019"]
[Site "Paracin"]
[Date "2019.07.10"]
[Round "7.29"]
[White "O`Donnell, Conor"]
[Black "Ozsoy, Alimert"]
[Result "1/2-1/2"]
[WhiteElo "2341"]
[BlackElo "2087"]
[Annotator "NA"]
[PlyCount "128"]
[EventDate "2019.07.05"]
[EventType "swiss"]
[EventCountry "SRB"]
[SourceTitle "playchess.com"]
[Source "ChessBase"]
[SourceQuality "1"]
[TimeControl "5400+30"]

1. d4 {[%emt 0:01:03]} d5 {[%emt 0:00:00]} 2. c4 {[%emt 0:00:05]} c6 {[%emt 0:00:00]} 3. Nf3 {[%emt 0:00:07]} Nf6 {[%emt 0:00:00]} 4. Nc3 {[%emt 0:00:12]} dxc4 {[%emt 0:00:02]} 5. a4 {[%emt 0:00:23]} Bf5 {[%emt 0:00:09]} 6. Ne5 {[%emt 0:00:19]} Nbd7 {[%emt 0:00:08]} 7. Nxc4 {[%emt 0:00:14]} Nb6 {[%emt 0:00:12]} 8. Ne5 {[%emt 0:00:09]} a5 {[%emt 0:00:23]} 9. h4 {[%emt 0:00:25]} g6 {[%emt 0:00:33]} 10. h5 {[%emt 0:03:24]} gxh5 {[%emt 0:06:42]} 11. f3 {[%emt 0:05:04]} Bg7 {[%emt 0:09:07]} 12. e4 {[%emt 0:00:27]} Bg6 {[%emt 0:00:24]} 13. Be3 {[%emt 0:03:20]} Nbd7 {[%emt 0:08:08]} 14. Bd3 {[%emt 0:09:03]} e6 {[%emt 0:04:32]} 15. Qd2 {[%emt 0:07:51]} O-O {[%emt 0:11:50]} 16. O-O-O {[%emt 0:02:58]} c5 {[%emt 0:03:22]} 17. Nxd7 {[%emt 0:03:56]} Nxd7 {[%emt 0:04:33]} 18. d5 {[%emt 0:02:51]} exd5 {[%emt 0:09:57]} 19. Nxd5 {[%emt 0:00:16]} Nb6 {[%emt 0:01:23]} 20. Nxb6 {[%emt 0:05:24]} Qxb6 {[%emt 0:00:06]} 21. Qc2 {[%emt 0:03:36]} Qf6 {[%emt 0:01:40]} 22. Bc4 {[%emt 0:03:04]} Rfd8 {[%emt 0:02:28]} 23. Kb1 {[%emt 0:06:20]} Rac8 {[%emt 0:01:11]} 24. Ka2 {[%emt 0:04:48]} Qe5 {[%emt 0:01:25]} 25. Rd2 {[%emt 0:02:21]} Rxd2 {[%emt 0:02:35]} 26. Bxd2 {[%emt 0:04:25]} Qg3 {[%emt 0:06:53]} 27. Be1 {[%emt 0:01:20]} Qc7 {[%emt 0:00:30]} 28. Rf1 {[%emt 0:01:48]} Qc6 {[%emt 0:04:57]} 29. Bd2 {[%emt 0:04:35]} b6 {[%emt 0:01:11]} 30. Re1 {[%emt 0:01:01]} Rd8 {[%emt 0:01:12]} 31. Bg5 {[%emt 0:01:11]} Rd4 {[%emt 0:01:03]} 32. Be3 {[%emt 0:00:42]} Rd8 {[%emt 0:01:48]} 33. Bg5 {[%emt 0:00:23]} Rd4 {[%emt 0:00:22]} 34. Be3 {[%emt 0:00:37]} Rd8 {[%emt 0:00:05]} 35. Qb3 {[%emt 0:03:19]} Qd7 {[%emt 0:01:55]} 36. Bd5 {[%emt 0:01:36]} Kh8 {[%emt 0:01:44]} 37. Bg5 {[%emt 0:04:08]} f6 {[%emt 0:01:29]} 38. Bh4 {[%emt 0:01:01]} Be8 {[%emt 0:01:18]} 39. Qxb6 {[%emt 0:01:21]} Qxa4+ {[%emt 0:00:09]} 40. Kb1 {[%emt 0:00:11]} Rxd5 {[%emt 0:06:04]} 41. b3 {[%emt 0:00:21]} Rd6 {[%emt 0:01:32]} 42. Qxd6 {[%emt 0:01:06]} Qxb3+ {[%emt 0:00:13]} 43. Kc1 {[%emt 0:04:18]} Qb4 {[%emt 0:00:18]} 44. Qd2 {[%emt 0:02:54]} Qb3 {[%emt 0:02:40]} 45. Qb2 {[%emt 0:02:30]} Qc4+ {[%emt 0:00:23]} 46. Kb1 {[%emt 0:00:55]} Qd3+ {[%emt 0:00:02]} 47. Ka1 {[%emt 0:00:41]} Qd6 {[%emt 0:00:18]} 48. Bf2 {[%emt 0:01:48]} Bf7 {[%emt 0:01:14]} 49. g3 {[%emt 0:00:25]} Qd3 {[%emt 0:01:17]} 50. Bxc5 {[%emt 0:02:09]} Qxf3 {[%emt 0:00:20]} 51. Bd4 {[%emt 0:00:40]} Qxg3 {[%emt 0:03:13]} 52. Rf1 {[%emt 0:00:47]} Qd3 {[%emt 0:00:28]} 53. Rg1 {[%emt 0:01:47]} Qxe4 {[%emt 0:02:09]} 54. Bxf6 {[%emt 0:00:14]} Qa4+ {[%emt 0:00:22]} 55. Kb1 {[%emt 0:00:01]} Qa2+ {[%emt 0:00:37]} 56. Qxa2 {[%emt 0:00:28]} Bxa2+ {[%emt 0:00:04]} 57. Kxa2 {[%emt 0:00:06]} Bxf6 {[%emt 0:00:03]} 58. Kb3 {[%emt 0:00:20]} h6 {[%emt 0:00:24]} 59. Ka4 {[%emt 0:00:25]} Bg5 {[%emt 0:00:37]} 60. Kxa5 {[%emt 0:00:16]} Kg7 {[%emt 0:00:05]} 61. Kb5 {[%emt 0:00:22]} Kf6 {[%emt 0:00:17]} 62. Kc4 {[%emt 0:00:24]} Ke5 {[%emt 0:00:12]} 63. Kd3 {[%emt 0:00:38]} Kf4 {[%emt 0:00:26]} 64. Ke2 {[%emt 0:00:34]} h4 {[%emt 0:00:13]} 1/2-1/2

[Event "XII Paracin Festival 2019"]
[Site "Paracin"]
[Date "2019.07.10"]
[Round "7.30"]
[White "Audi Ameya"]
[Black "Ulziikhishigjargal, Ochirkhuyag"]
[Result "1-0"]
[WhiteElo "2328"]
[BlackElo "2017"]
[Annotator "NA"]
[PlyCount "67"]
[EventDate "2019.07.05"]
[EventType "swiss"]
[EventCountry "SRB"]
[SourceTitle "playchess.com"]
[Source "ChessBase"]
[SourceQuality "1"]
[TimeControl "5400+30"]

1. d4 {[%emt 0:00:00]} Nf6 {[%emt 0:00:00]} 2. c4 {[%emt 0:00:00]} e6 {[%emt 0:00:00]} 3. Nc3 {[%emt 0:00:00]} Bb4 {[%emt 0:00:18]} 4. e3 {[%emt 0:00:16]} d5 {[%emt 0:00:57]} 5. Nf3 {[%emt 0:01:46]} O-O {[%emt 0:00:51]} 6. Bd3 {[%emt 0:00:12]} c5 {[%emt 0:04:31]} 7. O-O {[%emt 0:00:06]} dxc4 {[%emt 0:03:29]} 8. Bxc4 {[%emt 0:00:04]} Nbd7 {[%emt 0:00:49]} 9. a3 {[%emt 0:00:48]} Bxc3 {[%emt 0:02:22]} 10. bxc3 {[%emt 0:00:04]} b6 {[%emt 0:01:29]} 11. Bd3 {[%emt 0:26:51]} Bb7 {[%emt 0:00:44]} 12. Re1 {[%emt 0:00:02]} Ne4 {[%emt 0:05:22]} 13. Bb2 {[%emt 0:00:32]} Rc8 {[%emt 0:05:13]} 14. c4 {[%emt 0:01:07]} Ndf6 {[%emt 0:00:55]} 15. Ne5 {[%emt 0:00:51]} Qe7 {[%emt 0:04:42]} 16. Qa4 {[%emt 0:15:53]} Ba8 {[%emt 0:02:30]} 17. Rad1 {[%emt 0:00:16]} Rfd8 {[%emt 0:01:50]} 18. Bb1 {[%emt 0:08:20]} Nd6 {[%emt 0:07:48]} 19. d5 {[%emt 0:12:35]} exd5 {[%emt 0:05:14]} 20. cxd5 {[%emt 0:00:02]} Nxd5 {[%emt 0:01:15]} 21. Qg4 {[%emt 0:02:29]} Nf6 {[%emt 0:04:43]} 22. Qh4 {[%emt 0:01:17]} Qe6 {[%emt 0:09:07]} 23. f3 {[%emt 0:06:56]} h6 {[%emt 0:00:56]} 24. e4 {[%emt 0:04:42]} Nb5 {[%emt 0:06:01]} 25. Rxd8+ {[%emt 0:01:00]} Rxd8 {[%emt 0:00:05]} 26. Ng4 {[%emt 0:00:09]} Nd4 {[%emt 0:00:51]} 27. e5 {[%emt 0:03:50]} Re8 {[%emt 0:09:22]} 28. Nxf6+ {[%emt 0:06:31]} gxf6 {[%emt 0:00:02]} 29. Bxd4 {[%emt 0:00:04]} cxd4 {[%emt 0:00:08]} 30. Qxh6 {[%emt 0:00:05]} fxe5 {[%emt 0:02:20]} 31. Bh7+ {[%emt 0:02:09]} Kh8 {[%emt 0:00:01]} 32. Bg6+ {[%emt 0:00:01]} Kg8 {[%emt 0:00:01]} 33. Qh7+ {[%emt 0:00:25]} Kf8 {[%emt 0:00:01]} 34. Rxe5 1-0

[Event "XII Paracin Festival 2019"]
[Site "Paracin"]
[Date "2019.07.11"]
[Round "8.1"]
[White "Ivanisevic, Ivan"]
[Black "Korpa, Bence"]
[Result "1-0"]
[WhiteElo "2612"]
[BlackElo "2523"]
[Annotator "TA"]
[PlyCount "61"]
[EventDate "2019.07.05"]
[EventType "swiss"]
[EventCountry "SRB"]
[SourceTitle "playchess.com"]
[Source "ChessBase"]
[SourceQuality "1"]

{[%evp 11,61,15,16,7,17,6,20,4,-7,0,33,31,49,0,34,18,14,8,56,56,71,36,60,56,82,64,77,82,131,120,121,125,141,105,100,102,236,226,223,220,199,156,233,237,231,235,228,226,365,351,387,387]} 1. c4 e6 2. g3 d5 3. Bg2 Nf6 4. Nf3 dxc4 5. O-O Nbd7 6. Qa4 a6 7. Nc3 {A13: English Opening: 1...e6} (7. Qxc4 c5 8. Qb3 Ra7 9. a4 b6 10. Na3 Be7 11. Nc4 O-O 12. d3 Nd5 13. Bd2 a5 14. Nfe5 Nxe5 15. Nxe5 Bb7 16. Nc4 {1-0 (50) Gordievsky,D (2630)-Wang,H (2713) Hanoi 2018}) 7... Bd6 8. Qxc4 b5 9. Qh4 {The position is equal.} Bb7 10. d4 $146 ({Predecessor:} 10. d3 O-O 11. a4 b4 12. Nd1 a5 13. Ne3 Nd5 {1-0 (47) Scheerer,C (2373)-Schroeder,C (2212) Hamburg 2013}) 10... b4 11. Na4 h6 12. Qh3 Ne4 13. Be3 Bd5 14. Rac1 Qe7 15. Nd2 Nef6 16. Nc4 a5 17. Bxd5 exd5 18. Nxd6+ cxd6 19. Rc7 Qe6 20. Qxe6+ fxe6 21. Rfc1 O-O 22. R1c6 Nb8 23. Rb6 Rf7 (23... Rd8 $16 {was called for.}) 24. Rc8+ $18 Rf8 25. Rxf8+ Kxf8 26. Bf4 Ne8 (26... e5 $16) 27. Bxd6+ Nxd6 28. Rxd6 {Rd8+ is the strong threat.} Ke7 29. Rb6 Na6 (29... Nd7 $142) 30. Rb7+ Kd6 31. Rxg7 {Accuracy: White = 69%, Black = 33%.} 1-0

[Event "XII Paracin Festival 2019"]
[Site "Paracin"]
[Date "2019.07.11"]
[Round "8.2"]
[White "Svetushkin, Dmitry"]
[Black "Song, Raymond"]
[Result "1-0"]
[WhiteElo "2528"]
[BlackElo "2456"]
[Annotator "ChessBase"]
[PlyCount "82"]
[EventDate "2019.07.05"]
[EventType "swiss"]
[EventCountry "SRB"]
[SourceTitle "playchess.com"]
[Source "ChessBase"]
[SourceQuality "1"]
[TimeControl "5400+30"]

1. e4 {[%emt 0:00:00]} c5 {[%emt 0:00:00]} 2. Nf3 {[%emt 0:00:00]} e6 {[%emt 0:00:00]} 3. Nc3 {[%emt 0:00:23]} Nc6 {[%emt 0:00:00]} 4. Bb5 {[%emt 0:00:37]} Nd4 {[%emt 0:00:00]} 5. O-O {[%emt 0:00:22]} a6 {[%emt 0:00:56]} 6. Bd3 {[%emt 0:00:12]} Nc6 {[%emt 0:04:58]} 7. b3 {[%emt 0:03:04]} d6 {[%emt 0:00:29]} 8. Bb2 {[%emt 0:01:15]} Nf6 {[%emt 0:00:05]} 9. Re1 {[%emt 0:03:04]} Be7 {[%emt 0:06:10]} 10. Bf1 {[%emt 0:02:55]} e5 {[%emt 0:01:55]} 11. Nd5 {[%emt 0:02:55]} Nxd5 {[%emt 0:03:17]} 12. exd5 {[%emt 0:00:10]} Nb4 {[%emt 0:04:05]} 13. c4 {[%emt 0:11:26]} Bf5 {[%emt 0:01:12]} 14. d3 {[%emt 0:22:15]} a5 {[%emt 0:00:42]} 15. a3 {[%emt 0:03:33]} Na6 {[%emt 0:00:05]} 16. Nd2 {[%emt 0:06:07]} O-O {[%emt 0:00:42]} 17. g3 {[%emt 0:01:46]} Bg6 {[%emt 0:00:17]} 18. h4 {[%emt 0:00:22]} f5 {[%emt 0:01:20]} 19. h5 {[%emt 0:01:43]} Be8 {[%emt 0:00:31]} 20. Bh3 {[%emt 0:02:44]} Bg5 {[%emt 0:00:09]} 21. Rf1 {[%emt 0:07:07]} Bh6 {[%emt 0:01:41]} 22. Bc1 {[%emt 0:02:30]} Nc7 {[%emt 0:03:05]} 23. Rb1 {[%emt 0:03:06]} b5 {[%emt 0:00:13]} 24. Bg2 {[%emt 0:00:43]} b4 {[%emt 0:00:30]} 25. a4 {[%emt 0:00:28]} Qf6 {[%emt 0:03:52]} 26. Bf3 {[%emt 0:00:25]} Bd7 {[%emt 0:01:21]} 27. Kg2 {[%emt 0:00:21]} Rae8 {[%emt 0:00:12]} 28. Re1 {[%emt 0:04:16]} Re7 {[%emt 0:04:28]} 29. Rb2 {[%emt 0:01:41]} Ref7 {[%emt 0:00:39]} 30. Nf1 {[%emt 0:00:59]} Ne8 {[%emt 0:02:31]} 31. Nh2 {[%emt 0:01:49]} Bg5 {[%emt 0:01:06]} 32. Be2 {[%emt 0:00:47]} Kh8 {[%emt 0:01:55]} 33. Rc2 {[%emt 0:00:21]} Qh6 {[%emt 0:01:32]} 34. f4 {[%emt 0:00:23]} exf4 {[%emt 0:05:13]} 35. Nf3 {[%emt 0:02:08]} Qxh5 {[%emt 0:08:41]} 36. Ne5 {[%emt 0:01:48]} Qh6 {[%emt 0:00:01]} 37. Nxf7+ {[%emt 0:00:32]} Rxf7 {[%emt 0:00:01]} 38. Rh1 {[%emt 0:01:04]} Qf6 {[%emt 0:00:02]} 39. gxf4 {[%emt 0:05:43]} Bh4 {[%emt 0:11:29]} 40. Bh5 {[%emt 0:00:17]} Rf8 {[%emt 0:00:01]} 41. Qf3 {[%emt 0:01:40]} Qa1 {[%emt 0:23:30]} 1-0

[Event "XII Paracin Festival 2019"]
[Site "Paracin"]
[Date "2019.07.11"]
[Round "8.3"]
[White "Ratkovic, Miloje"]
[Black "Lorparizangeneh, Shahin"]
[Result "1-0"]
[WhiteElo "2416"]
[BlackElo "2494"]
[Annotator "ChessBase"]
[PlyCount "125"]
[EventDate "2019.07.05"]
[EventType "swiss"]
[EventCountry "SRB"]
[SourceTitle "playchess.com"]
[Source "ChessBase"]
[SourceQuality "1"]
[TimeControl "5400+30"]

1. d4 {[%emt 0:00:00]} Nf6 {[%emt 0:03:16]} 2. c4 {[%emt 0:00:29]} e6 {[%emt 0:00:21]} 3. Nf3 {[%emt 0:01:45]} a6 {[%emt 0:02:02]} 4. Nc3 {[%emt 0:03:01]} d5 {[%emt 0:00:13]} 5. c5 {[%emt 0:01:23]} b6 {[%emt 0:01:26]} 6. cxb6 {[%emt 0:00:22]} cxb6 {[%emt 0:00:02]} 7. Bf4 {[%emt 0:00:57]} Bb7 {[%emt 0:03:55]} 8. e3 {[%emt 0:00:23]} Bd6 {[%emt 0:02:06]} 9. Bd3 {[%emt 0:01:49]} Nc6 {[%emt 0:11:44]} 10. O-O {[%emt 0:02:55]} O-O {[%emt 0:00:18]} 11. Rc1 {[%emt 0:02:24]} Qb8 {[%emt 0:03:21]} 12. Bg5 {[%emt 0:04:26]} Nd7 {[%emt 0:03:33]} 13. e4 {[%emt 0:11:27]} dxe4 {[%emt 0:03:52]} 14. Bxe4 {[%emt 0:06:47]} Nb4 {[%emt 0:08:20]} 15. Qe2 {[%emt 0:15:44]} Re8 {[%emt 0:03:54]} 16. Rfe1 {[%emt 0:02:17]} b5 {[%emt 0:10:54]} 17. Ne5 {[%emt 0:08:06]} Bxe5 {[%emt 0:05:02]} 18. dxe5 {[%emt 0:00:13]} Bxe4 {[%emt 0:00:30]} 19. Qxe4 {[%emt 0:01:18]} Qxe5 {[%emt 0:01:17]} 20. Qxe5 {[%emt 0:06:36]} Nxe5 {[%emt 0:00:13]} 21. Rxe5 {[%emt 0:00:08]} Nd3 {[%emt 0:00:17]} 22. Re2 {[%emt 0:00:18]} Nxc1 {[%emt 0:00:08]} 23. Bxc1 {[%emt 0:00:03]} Rac8 {[%emt 0:06:14]} 24. Be3 {[%emt 0:01:26]} Red8 {[%emt 0:03:48]} 25. f3 {[%emt 0:00:26]} f6 {[%emt 0:05:56]} 26. Kf2 {[%emt 0:01:54]} Kf7 {[%emt 0:00:08]} 27. a4 {[%emt 0:03:52]} b4 {[%emt 0:03:01]} 28. Na2 {[%emt 0:02:38]} a5 {[%emt 0:04:15]} 29. Nc1 {[%emt 0:01:23]} Rd5 {[%emt 0:02:28]} 30. Nb3 {[%emt 0:00:22]} e5 {[%emt 0:01:27]} 31. Ke1 {[%emt 0:05:04]} Rc6 {[%emt 0:01:38]} 32. Rd2 {[%emt 0:02:07]} Ke6 {[%emt 0:00:23]} 33. Ke2 {[%emt 0:01:19]} Rxd2+ {[%emt 0:01:14]} 34. Kxd2 {[%emt 0:06:37]} Kd5 {[%emt 0:01:04]} 35. Kd3 {[%emt 0:01:55]} f5 {[%emt 0:00:02]} 36. Nd2 {[%emt 0:00:28]} Rc1 {[%emt 0:02:59]} 37. Bb6 {[%emt 0:02:10]} Rh1 {[%emt 0:01:36]} 38. h3 {[%emt 0:01:24]} Rh2 {[%emt 0:00:19]} 39. Bxa5 {[%emt 0:00:18]} Rxg2 {[%emt 0:02:23]} 40. Bxb4 {[%emt 0:00:18]} Rh2 {[%emt 0:00:15]} 41. Bf8 {[%emt 0:00:54]} e4+ {[%emt 0:00:36]} 42. Ke3 {[%emt 0:00:51]} g5 {[%emt 0:01:46]} 43. fxe4+ {[%emt 0:00:20]} fxe4 {[%emt 0:00:01]} 44. a5 {[%emt 0:00:00]} Rxh3+ {[%emt 0:00:13]} 45. Ke2 {[%emt 0:00:05]} Rh2+ {[%emt 0:00:48]} 46. Ke3 {[%emt 0:00:14]} Rh1 {[%emt 0:01:03]} 47. a6 {[%emt 0:00:37]} Rh3+ {[%emt 0:01:09]} 48. Ke2 {[%emt 0:00:05]} Rh2+ {[%emt 0:00:07]} 49. Ke3 {[%emt 0:00:56]} Rh3+ {[%emt 0:00:07]} 50. Ke2 {[%emt 0:00:03]} Rh2+ {[%emt 0:00:04]} 51. Ke1 {[%emt 0:00:03]} Rh1+ {[%emt 0:00:53]} 52. Nf1 {[%emt 0:01:10]} Kc6 {[%emt 0:00:26]} 53. Bc5 {[%emt 0:00:18]} g4 {[%emt 0:01:02]} 54. Kf2 {[%emt 0:02:00]} Rh6 {[%emt 0:02:11]} 55. b4 {[%emt 0:00:27]} Rf6+ {[%emt 0:00:27]} 56. Kg2 {[%emt 0:00:06]} h5 {[%emt 0:00:37]} 57. Ne3 {[%emt 0:00:02]} Kb5 {[%emt 0:00:27]} 58. Nd5 {[%emt 0:00:53]} Rf3 {[%emt 0:00:34]} 59. a7 {[%emt 0:00:16]} Ra3 {[%emt 0:00:03]} 60. a8=Q {[%emt 0:00:13]} Rxa8 {[%emt 0:00:04]} 61. Nc7+ {[%emt 0:00:15]} Kc4 {[%emt 0:00:44]} 62. Nxa8 {[%emt 0:00:07]} h4 {[%emt 0:01:09]} 63. Nb6+ {[%emt 0:00:14]} 1-0

[Event "XII Paracin Festival 2019"]
[Site "Paracin"]
[Date "2019.07.11"]
[Round "8.4"]
[White "Gadimbayli, Abdulla"]
[Black "Bashirli, Nail"]
[Result "1/2-1/2"]
[WhiteElo "2414"]
[BlackElo "2367"]
[Annotator "ChessBase"]
[PlyCount "48"]
[EventDate "2019.07.05"]
[EventType "swiss"]
[EventCountry "SRB"]
[SourceTitle "playchess.com"]
[Source "ChessBase"]
[SourceQuality "1"]
[TimeControl "5400+30"]

1. d4 {[%emt 0:10:40]} d5 {[%emt 0:00:00]} 2. Nf3 {[%emt 0:00:10]} Nf6 {[%emt 0:00:00]} 3. c4 {[%emt 0:00:04]} e6 {[%emt 0:00:00]} 4. Nc3 {[%emt 0:00:08]} Be7 {[%emt 0:00:00]} 5. e3 {[%emt 0:00:06]} O-O {[%emt 0:00:03]} 6. Bd3 {[%emt 0:00:06]} b6 {[%emt 0:00:07]} 7. O-O {[%emt 0:00:12]} Bb7 {[%emt 0:00:04]} 8. b3 {[%emt 0:00:04]} Nbd7 {[%emt 0:00:09]} 9. Bb2 {[%emt 0:00:26]} c5 {[%emt 0:00:05]} 10. Qe2 {[%emt 0:00:08]} cxd4 {[%emt 0:00:48]} 11. exd4 {[%emt 0:00:05]} Rc8 {[%emt 0:00:12]} 12. Rac1 {[%emt 0:00:06]} Bb4 {[%emt 0:01:13]} 13. a3 {[%emt 0:01:31]} Bxc3 {[%emt 0:00:04]} 14. Bxc3 {[%emt 0:00:05]} Ne4 {[%emt 0:00:04]} 15. Bxe4 {[%emt 0:00:21]} dxe4 {[%emt 0:00:05]} 16. Ne5 {[%emt 0:00:06]} Nxe5 {[%emt 0:00:25]} 17. dxe5 {[%emt 0:00:07]} Qg5 {[%emt 0:00:35]} 18. Qe3 {[%emt 0:00:04]} Qxe3 {[%emt 0:00:14]} 19. fxe3 {[%emt 0:00:05]} Rfd8 {[%emt 0:00:15]} 20. Bd4 {[%emt 0:00:15]} Rd7 {[%emt 0:00:12]} 21. Rf2 {[%emt 0:00:08]} h6 {[%emt 0:01:07]} 22. a4 {[%emt 0:00:12]} Bc6 {[%emt 0:00:14]} 23. Rd2 {[%emt 0:00:13]} Bb7 {[%emt 0:00:18]} 24. Rf2 {[%emt 0:00:11]} Bc6 {[%emt 0:00:28]} 1/2-1/2

[Event "XII Paracin Festival 2019"]
[Site "Paracin"]
[Date "2019.07.11"]
[Round "8.5"]
[White "Peng, Xiongjian"]
[Black "Perunovic, Milos"]
[Result "1/2-1/2"]
[WhiteElo "2467"]
[BlackElo "2597"]
[Annotator "ChessBase"]
[PlyCount "57"]
[EventDate "2019.07.05"]
[EventType "swiss"]
[EventCountry "SRB"]
[SourceTitle "playchess.com"]
[Source "ChessBase"]
[SourceQuality "1"]
[TimeControl "5400+30"]

1. d4 {[%emt 0:00:00]} Nf6 2. Nf3 {[%emt 0:00:00]} e6 {[%emt 0:03:16]} 3. c4 {[%emt 0:00:00]} c5 {[%emt 0:00:57]} 4. d5 {[%emt 0:00:06]} d6 {[%emt 0:00:08]} 5. Nc3 {[%emt 0:00:05]} exd5 {[%emt 0:00:06]} 6. cxd5 {[%emt 0:00:05]} g6 {[%emt 0:00:11]} 7. g3 {[%emt 0:00:06]} Bg7 {[%emt 0:00:05]} 8. Bg2 {[%emt 0:00:05]} O-O {[%emt 0:00:08]} 9. O-O {[%emt 0:00:04]} Nbd7 {[%emt 0:08:22]} 10. Nd2 {[%emt 0:02:54]} Nh5 {[%emt 0:11:47]} 11. Nb5 {[%emt 0:08:39]} Ndf6 {[%emt 0:23:39]} 12. a4 {[%emt 0:00:24]} a6 {[%emt 0:03:58]} 13. Nc3 {[%emt 0:00:05]} Ng4 {[%emt 0:04:19]} 14. h3 {[%emt 0:03:19]} Ne5 {[%emt 0:04:57]} 15. Nf3 {[%emt 0:22:39]} Nxf3+ {[%emt 0:01:33]} 16. exf3 {[%emt 0:00:04]} f5 {[%emt 0:04:11]} 17. f4 {[%emt 0:00:08]} Bd7 {[%emt 0:02:48]} 18. a5 {[%emt 0:00:36]} b5 {[%emt 0:01:48]} 19. axb6 {[%emt 0:00:11]} Qxb6 {[%emt 0:00:01]} 20. Qc2 {[%emt 0:08:12]} Rfe8 {[%emt 0:01:40]} 21. Bf3 {[%emt 0:03:26]} Rab8 {[%emt 0:04:30]} 22. Ra3 {[%emt 0:02:07]} a5 {[%emt 0:02:16]} 23. Kg2 {[%emt 0:01:24]} Nf6 {[%emt 0:06:14]} 24. Rd1 {[%emt 0:03:50]} Qb4 {[%emt 0:01:40]} 25. Na2 {[%emt 0:01:16]} Qb6 {[%emt 0:00:40]} 26. Nc3 {[%emt 0:00:31]} Qb4 {[%emt 0:01:50]} 27. Na2 {[%emt 0:01:21]} Qb6 {[%emt 0:00:06]} 28. Nc3 {[%emt 0:00:11]} Qb4 {[%emt 0:00:24]} 29. Na2 {[%emt 0:02:12]} 1/2-1/2

[Event "XII Paracin Festival 2019"]
[Site "Paracin"]
[Date "2019.07.11"]
[Round "8.6"]
[White "Sanal, Vahap"]
[Black "Janzelj, Tim"]
[Result "1/2-1/2"]
[WhiteElo "2520"]
[BlackElo "2416"]
[Annotator "ChessBase"]
[PlyCount "172"]
[EventDate "2019.07.05"]
[EventType "swiss"]
[EventCountry "SRB"]
[SourceTitle "playchess.com"]
[Source "ChessBase"]
[SourceQuality "1"]
[TimeControl "5400+30"]

1. e4 {[%emt 0:02:26]} c6 {[%emt 0:00:00]} 2. d4 {[%emt 0:00:12]} d5 {[%emt 0:00:00]} 3. exd5 {[%emt 0:00:43]} cxd5 {[%emt 0:00:01]} 4. c4 {[%emt 0:00:05]} Nf6 {[%emt 0:00:46]} 5. Nc3 {[%emt 0:00:06]} Nc6 {[%emt 0:00:54]} 6. Bg5 {[%emt 0:00:11]} e6 {[%emt 0:01:29]} 7. Nf3 {[%emt 0:01:18]} Be7 {[%emt 0:00:50]} 8. c5 {[%emt 0:00:53]} Ne4 {[%emt 0:06:59]} 9. Be3 {[%emt 0:02:56]} O-O {[%emt 0:03:47]} 10. Rc1 {[%emt 0:12:18]} Bf6 {[%emt 0:11:38]} 11. Bb5 {[%emt 0:11:29]} Bd7 {[%emt 0:10:28]} 12. O-O {[%emt 0:10:19]} Nxc3 {[%emt 0:07:49]} 13. Rxc3 {[%emt 0:00:44]} Nxd4 {[%emt 0:16:13]} 14. Nxd4 {[%emt 0:01:33]} Bxd4 {[%emt 0:00:06]} 15. Bxd4 {[%emt 0:00:45]} Bxb5 {[%emt 0:00:07]} 16. Qg4 {[%emt 0:02:00]} e5 {[%emt 0:05:59]} 17. Bxe5 {[%emt 0:01:35]} f6 {[%emt 0:00:02]} 18. Bd6 {[%emt 0:00:27]} Re8 {[%emt 0:00:52]} 19. Rfc1 {[%emt 0:01:58]} Qd7 {[%emt 0:01:12]} 20. Qd1 {[%emt 0:18:33]} Qf5 {[%emt 0:01:44]} 21. a4 {[%emt 0:01:16]} Bc4 {[%emt 0:03:56]} 22. b3 {[%emt 0:02:11]} Be2 {[%emt 0:00:06]} 23. Qd2 {[%emt 0:00:32]} Re6 {[%emt 0:01:52]} 24. Re3 {[%emt 0:00:55]} Rxe3 {[%emt 0:02:27]} 25. Qxe3 {[%emt 0:00:06]} Bh5 {[%emt 0:07:13]} 26. f3 {[%emt 0:01:24]} Re8 {[%emt 0:00:14]} 27. Qd2 {[%emt 0:00:43]} Qe6 {[%emt 0:03:17]} 28. b4 {[%emt 0:01:11]} a6 {[%emt 0:00:23]} 29. b5 {[%emt 0:00:47]} axb5 {[%emt 0:00:05]} 30. axb5 {[%emt 0:00:10]} Bf7 {[%emt 0:01:22]} 31. Bg3 {[%emt 0:07:38]} Rc8 {[%emt 0:02:43]} 32. Bf2 {[%emt 0:04:19]} Qd7 {[%emt 0:02:50]} 33. Rb1 {[%emt 0:01:44]} Bg6 {[%emt 0:01:16]} 34. Rb2 {[%emt 0:01:19]} Ra8 {[%emt 0:01:42]} 35. Qc1 {[%emt 0:01:12]} d4 {[%emt 0:05:24]} 36. c6 {[%emt 0:01:36]} bxc6 {[%emt 0:00:06]} 37. bxc6 {[%emt 0:00:05]} Qd5 {[%emt 0:00:22]} 38. c7 {[%emt 0:00:37]} Rc8 {[%emt 0:00:01]} 39. Rb8 {[%emt 0:04:18]} Bf5 {[%emt 0:00:01]} 40. Qa3 {[%emt 0:01:29]} d3 {[%emt 0:02:38]} 41. Qe7 {[%emt 0:00:18]} Qd7 {[%emt 0:00:55]} 42. Rxc8+ {[%emt 0:01:25]} Qxc8 {[%emt 0:00:01]} 43. g4 {[%emt 0:00:17]} Bd7 {[%emt 0:00:47]} 44. Bg3 {[%emt 0:00:38]} h6 {[%emt 0:00:43]} 45. Qd6 {[%emt 0:00:13]} Qe8 {[%emt 0:00:35]} 46. Qxd3 {[%emt 0:00:12]} Qe6 {[%emt 0:00:16]} 47. h3 {[%emt 0:01:00]} Qb6+ {[%emt 0:00:11]} 48. Kg2 {[%emt 0:00:06]} Qe6 {[%emt 0:00:22]} 49. Qc3 {[%emt 0:01:11]} Qe2+ {[%emt 0:00:31]} 50. Bf2 {[%emt 0:00:05]} Qe6 {[%emt 0:00:02]} 51. Bd4 {[%emt 0:01:16]} h5 {[%emt 0:00:21]} 52. Kf2 {[%emt 0:00:39]} hxg4 {[%emt 0:00:43]} 53. hxg4 {[%emt 0:00:54]} Bc8 {[%emt 0:00:27]} 54. Be3 {[%emt 0:00:38]} Kf7 {[%emt 0:00:09]} 55. Qd4 {[%emt 0:01:11]} Bd7 {[%emt 0:00:25]} 56. Bf4 {[%emt 0:00:54]} Qa2+ {[%emt 0:00:14]} 57. Bd2 {[%emt 0:01:12]} Qe6 {[%emt 0:00:06]} 58. Qa7 {[%emt 0:00:52]} Bc8 {[%emt 0:00:12]} 59. Bb4 {[%emt 0:00:22]} Qe5 {[%emt 0:00:24]} 60. Bc5 {[%emt 0:01:09]} Qh2+ {[%emt 0:00:37]} 61. Kf1 {[%emt 0:00:20]} Qh1+ {[%emt 0:01:08]} 62. Ke2 {[%emt 0:00:04]} Qh2+ {[%emt 0:00:07]} 63. Bf2 {[%emt 0:00:09]} Qe5+ {[%emt 0:00:04]} 64. Kf1 {[%emt 0:00:04]} Qd5 {[%emt 0:00:47]} 65. Kg2 {[%emt 0:00:30]} Qe6 {[%emt 0:00:11]} 66. Qd4 {[%emt 0:00:10]} Bd7 {[%emt 0:00:06]} 67. Be3 {[%emt 0:02:20]} Qa2+ {[%emt 0:00:20]} 68. Kg3 {[%emt 0:00:04]} Qe6 {[%emt 0:00:04]} 69. Qc5 {[%emt 0:00:43]} Bc8 {[%emt 0:00:13]} 70. Bd2 {[%emt 0:00:07]} Qe7 {[%emt 0:01:55]} 71. Qd5+ {[%emt 0:00:12]} Qe6 {[%emt 0:00:06]} 72. Qd8 {[%emt 0:00:11]} Qe5+ {[%emt 0:00:20]} 73. f4 {[%emt 0:01:03]} Qe6 {[%emt 0:02:39]} 74. f5 {[%emt 0:00:07]} Qb3+ {[%emt 0:00:11]} 75. Kf2 {[%emt 0:00:44]} Qb6+ {[%emt 0:00:28]} 76. Be3 {[%emt 0:01:27]} Qb2+ {[%emt 0:00:03]} 77. Ke1 {[%emt 0:00:26]} Qc3+ {[%emt 0:00:32]} 78. Kf2 {[%emt 0:00:54]} Qb2+ {[%emt 0:00:01]} 79. Bd2 {[%emt 0:00:47]} Qb6+ {[%emt 0:00:15]} 80. Kg2 {[%emt 0:00:27]} Bb7+ {[%emt 0:01:11]} 81. Kh3 {[%emt 0:00:22]} Qc6 {[%emt 0:00:41]} 82. Bf4 {[%emt 0:00:40]} Qh1+ {[%emt 0:01:11]} 83. Kg3 {[%emt 0:00:04]} Qg2+ {[%emt 0:01:07]} 84. Kh4 {[%emt 0:00:02]} Qh1+ {[%emt 0:00:05]} 85. Kg3 {[%emt 0:00:02]} Qf3+ {[%emt 0:00:52]} 86. Kh4 {[%emt 0:00:02]} Qh1+ {[%emt 0:00:44]} 1/2-1/2